"Oskolabéli nevezetességek"

Podrobná bibliografia
Hlavný autor: Nagy, Attila, 1975- (Autor)
Médium: Článok
Jazyk:maďarčina
slovenčina
Fyzický popis:Fotogr.
ISSN:1336-3638
Predmet:

MARC

LEADER 00000nab a2200000 a 4500
001 vtls010543773
003 SK-MaSNL
005 20260319071144.0
008 130916|2013 xo w| 000 0|hun
015 |a SNBRB2013/01 
038 |a DSZK 
040 |a DSZK  |b slo  |c DSZK  |e AACR2 
041 |a hun  |a slo 
044 |a xo  |c SK 
080 |a 371  |2 2001 
100 1 |a Nagy, Attila,  |d 1975-  |4 aut  |9 107217 
245 1 0 |a "Oskolabéli nevezetességek"  |c Nagy Attila 
300 |b Fotogr. 
650 0 7 |a školstvo  |2 SNKPH  |9 19712 
650 0 7 |a dejiny  |2 SNKPH  |9 3825 
773 0 |t Csallóköz=Žitný ostrov  |g Évf. 53, sz. 4 (2013), o. 5  |x 1336-3638 
852 |a DSZK  |b KIS3GCP 
856 |a http://www.csallokoz.sk 
958 |a HU 
958 |a SK 
999 |c 1799786  |d 1801716